| 000 | 00652cam a2200181 a 4500 | ||
|---|---|---|---|
| 082 | 0 | 0 |
_a665.5 _bMYE _cL-39, P-172 |
| 100 | 1 |
_aMyers, Philip E. _944815 |
|
| 245 | 1 | 0 |
_aAboveground storage tanks / _cPhilip E. Myers. |
| 260 |
_aNew York : _bMcGraw-Hill, _cc1997. |
||
| 300 |
_axiv, 690 p. : _bill. ; _c24 cm. |
||
| 526 |
_a0 _b0 _c0 _d665_500000000000000_MYE |
||
| 650 | 0 |
_aMCE _9379 |
|
| 650 | 0 |
_aOil storage tanks. _944816 |
|
| 856 | 4 | 1 | _uhttp://www.loc.gov/catdir/toc/mh022/96051117.html |
| 856 | 4 | 2 | _uhttp://www.loc.gov/catdir/description/mh022/96051117.html |
| 856 | 4 | 2 | _uhttp://www.loc.gov/catdir/enhancements/fy0737/96051117-b.html |
| 942 |
_2ddc _cBK |
||
| 999 |
_c548492 _d548492 |
||